| 000 | 00000nam##2200000za#4500 |
| 001 | 9.579719 |
| 003 | CaOODSP |
| 005 | 20210624190709 |
| 007 | cr ||||||||||| |
| 008 | 150406|1999||||xxc|||||o f|0| 0 eng|d |
| 022 | |a1488-5387 |
| 040 | |aCaOODSP|beng |
| 043 | |an-cn--- |
| 086 | 1 |aFs97-4/2479E-PDF |
| 110 | 1 |aCanada. |bDepartment of Fisheries and Oceans. |
| 245 | 12|aA survey of geoduck populations in the Elbow Bank and Yellow Bank area of Clayoquot Sound, West Vancouver Island, in 1994 and 1995 / |h[electronic resource]|cby C.M. Hand and G. Dovey. |
| 260 | |aNanaimo - British Columbia : |bFisheries and Oceans Canada |c1999. |
| 300 | |a42p.|bfigs., references, tables |
| 490 | 1 |aCanadian manuscript report of fisheries and aquatic sciences|x1488-5387|vNo. 2479 |
| 500 | |aOn t.p.: Science Branch, Pacific Region, Nanaimo, British Columbia. The catalogue number and ISSN for the print edition appear in the PDF version. |
| 546 | |a(Résumés en français) |
| 590 | |a14-10-Supp|b2014-05-08 |
| 720 | 1 |aHand, C. M. |
| 720 | 1 |aDovey, G. |
| 830 | #0|aCanadian manuscript report of fisheries and aquatic sciences,|x1488-5387|vNo. 2479|w(CaOODSP)9.505211 |
| 856 | 40|ahttp://publications.gc.ca|qPDF|s2111 KB|uhttps://publications.gc.ca/collections/collection_2014/mpo-dfo/Fs97-4-2479-eng.pdf|yNo. 2479 |